[Event "Tourn. n8483"]
[Site "www.chess-mail.com"]
[Date "2016.03.27"]
[Round "1"]
[White "Wwgia"]
[Black "Maredocla"]
[WhiteElo "2230"]
[BlackElo "2040"]
[Result "1-0"]
[Round "1"]
1.d4 d5
2.c4 c6
3.Nb1c3 dxc4
4.e3 b5
5.a4 b4
6.Nc3e4 f5
7.Ne4d2 Bc8a6
8.Nd2xc4 Qd8d5
9.b3 c5
10.Bc1b2 Ng8f6
11.Ng1f3 g6
12.Nf3e5 Bf8g7
13.h4 Nf6e4
14.Qd1c2 Nb8d7
15.Ne5xd7 Qd5xd7
16.Nc4e5 Qd7d6
17.O-O-O Bg7xe5
18.dxe5 Qd6c6
19.Bf1xa6 Qc6xa6
20.f3 Ne4g3
21.Rh1e1 Rh8g8
22.Qc2d2 Qa6e6
23.Qd2f2 Ng3h5
24.Qf2c2 Ra8c8
25.Qc2c4 Qe6xc4
26.bxc4 Nh5g3
27.Rd1d5 Kf7
28.Re1d1 Rc8c6
29.Kc2 Rg8b8
30.Kb3 Rc6c7
31.Rd5d8 Rb8xd8
32.Rd1xd8 e6
33.Rd8d2 Ng3f1
34.Rd2d3 Ke7
35.a5 Rc7d7
36.Kc2 h5
37.Rd3xd7 Kxd7
38.Bb2c1 Nf1g3
39.Kb3 Ng3e2
40.Bc1d2 Ne2g3
41.Ka4 a6
42.Kb3 Ng3e2
43.Kc2 f4
44.Kd3 b3
45.exf4 Ne2d4
46.Kc3 Kc6
47.Bd2e3 Nd4f5
48.Be3f2 Nf5h6
49.Kxb3 Nh6f7
50.Kc3 Nf7d8
51.Kd3 Nd8b7
52.Bf2e1 Nb7d8
53.g4 Nd8f7
54.Ke4 Kd7
55.f5 Nf7h6
56.fxg6 hxg4
57.fxg4 Nh6xg4
58.h5 Ke7
59.Be1h4 Kf8
60.Bh4g5 Ng4f2
61.Kf3 Nf2d3
62.Bg5f6 Nd3b2
63.h6 { time. }
1-0

[Event "Tourn. n8666"]
[Site "www.chess-mail.com"]
[Date "2016.03.27"]
[Round "1"]
[White "Luban"]
[Black "Osopanda"]
[WhiteElo "2050"]
[BlackElo "2040"]
[Result "0-1"]
[Round "1"]
1.d4 d5
2.Ng1f3 Ng8f6
3.h3 c6
4.e3 g6
5.c4 Bf8g7
6.Nb1c3 O-O
7.Bf1d3 Nb8d7
8.O-O Rf8e8
9.e4 dxe4
10.Bd3xe4 Nf6xe4
11.Nc3xe4 e5
12.Ne4d6 Re8e6
13.Nd6xc8 Ra8xc8
14.b3 exd4
15.Nf3g5 Re6d6
16.Bc1f4 Rd6f6
17.g3 h6
18.Ng5e4 Rf6xf4
19.gxf4 f5
20.Ne4d2 Nd7c5
21.Nd2f3 d3
22.Ra1b1 Nc5e4
23.Nf3e5 d2
24.Qd1c2 Bg7xe5
25.fxe5 Qd8g5
26.Kh2 Qg5f4
27.Kg2 Rc8d8
28.Qc2b2 Rd8d3
29.Rf1h1 Qf4xf2
{ resign }
0-1

[Event "Tourn. n8647"]
[Site "www.chess-mail.com"]
[Date "2016.03.27"]
[Round "1"]
[White "Caspito"]
[Black "Passaroa25"]
[WhiteElo "1690"]
[BlackElo "1580"]
[Result "1/2-1/2"]
[Round "1"]
1.e4 c6
2.d4 d6
3.Nb1c3 Nb8d7
4.Qd1f3 e6
5.Bf1d3 Ng8e7
6.Bc1e3 Ne7g6
7.Ng1e2 Nd7f6
8.O-O Bf8e7
9.Nc3d1 O-O
10.Ne2f4 Ng6h4
11.Qf3e2 b5
12.b3 Bc8d7
13.a3 a6
14.c4 Qd8c7
15.b4 Nh4g6
16.Nf4xg6 fxg6
17.Nd1c3 Bd7e8
18.Ra1b1 Be8f7
19.Qe2f3 h5
20.a4 Kh7
21.a5 Nf6g4
22.h3 Ng4h6
23.e5 Nh6f5
24.exd6 Be7xd6
25.c5 Bd6e7
26.Bd3xf5 exf5
27.Be3f4 Qc7d7
28.Rb1d1 Bf7c4
29.Rf1e1 h4
30.Bf4e5 Be7f6
31.d5 cxd5
32.Nc3xd5 Bc4xd5
33.Rd1xd5 Qd7e6
34.Rd5d6 Qe6c4
35.Be5xf6 gxf6
36.Re1e7 Rf8f7
37.Re7xf7 Qc4xf7
38.Qf3xa8 Qf7c4
39.Rd6d7 Kh6
40.c6 Qc4xb4
41.Rd7d1 Qb4xa5
42.Qa8b7 b4
43.c7 Qa5b5
44.Qb7xb5 axb5
45.c8Q { draw }
1/2-1/2

[Event "Tourn. n8611"]
[Site "www.chess-mail.com"]
[Date "2016.03.27"]
[Round "1"]
[White "Snoopy"]
[Black "Tartan"]
[WhiteElo "2359"]
[BlackElo "2400"]
[Result "0-1"]
[Round "1"]
1.b3 d5
2.Bc1b2 Ng8f6
3.e3 g6
4.Ng1f3 Bf8g7
5.d4 O-O
6.Nb1d2 c5
7.Bf1e2 cxd4
8.Nf3xd4 Rf8e8
9.Be2b5 Bc8d7
10.Bb5xd7 Nb8xd7
11.O-O e5
12.Nd4e2 Ra8c8
13.c4 Nd7c5
14.Qd1c2 b5
15.b4 Nc5a6
16.Rf1d1 dxc4
17.Bb2c3 Qd8d3
18.Qc2b2 Qd3xe2
19.Bc3xe5 Nf6g4
20.Be5xg7 Qe2xf2
21.Kh1 Qf2xe3
22.h3 Ng4f2
23.Kh2 Qe3f4
24.Kg1 Nf2xh3
25.Kh1 Nh3f2
26.Kg1 Nf2xd1
27.Ra1xd1 Re8e2
28.Qb2f6 Qf4g4
29.Qf6f3 Re2xg2
{ resign }
0-1

[Event "Tourn. n8687"]
[Site "www.chess-mail.com"]
[Date "2016.03.27"]
[Round "1"]
[White "Elogic"]
[Black "Bojan"]
[WhiteElo "1820"]
[BlackElo "2000"]
[Result "0-1"]
[Round "1"]
1.Nb1c3 g6
2.d4 Bf8g7
3.Bc1f4 c6
4.e3 d6
5.Bf1d3 Ng8f6
6.h3 Nb8a6
7.Bd3xa6 bxa6
8.Qd1f3 Ra8b8
9.Qf3xc6 Nf6d7
10.O-O-O Bc8b7
11.Qc6a4 Bb7xg2
12.Rh1h2 Bg2b7
13.f3 O-O
14.e4 Nd7b6
15.Qa4b3 Rb8c8
16.Ng1e2 e6
17.h4 d5
18.e5 f6
19.exf6 Bg7xf6
20.Bf4g3 Bf6g7
21.f4 Bb7c6
22.h5 g5
23.h6 Bg7f6
24.Rd1f1 Nb6c4
25.a4 Rc8b8
26.Qb3a2 Rb8xb2
27.Qa2a1 Rb2b4
28.a5 Nc4xa5
29.fxg5 Bf6xg5
30.Bg3f4 Kh8
31.Rh2h5 Bg5xf4
32.Rf1xf4 Rf8g8
33.Qa1a3 Qd8b6
34.Rf4f6 Na5c4
35.Qa3a1 Bc6b7
36.Ne2f4 Qb6xd4
37.Nf4g6 hxg6
38.Qa1a3 Nc4xa3
{ resign }
0-1

[Event "Tourn. n8700"]
[Site "www.chess-mail.com"]
[Date "2016.03.27"]
[Round "1"]
[White "Odin"]
[Black "Mitja"]
[WhiteElo "1990"]
[BlackElo "1910"]
[Result "1-0"]
[Round "1"]
1.e4 d5
2.e5 c6
3.d4 h6
4.c4 dxc4
5.Bf1xc4 e6
6.Ng1f3 Nb8d7
7.Nb1c3 Nd7b6
8.Bc4b3 Ng8e7
9.Bc1g5 hxg5
10.Nf3xg5 Ne7f5
11.Nc3e4 Qd8xd4
12.Ra1b1 Qd4xe5
13.h3 f6
14.O-O fxg5
15.Rf1e1 Qe5f6
16.Ne4xf6 { resign }
1-0

[Event "Tourn. n8596"]
[Site "www.chess-mail.com"]
[Date "2016.03.27"]
[Round "1"]
[White "Pimax"]
[Black "Starwind"]
[WhiteElo "2270"]
[BlackElo "2330"]
[Result "0-1"]
[Round "1"]
1.d4 Ng8f6
2.c4 g6
3.Nb1c3 Bf8g7
4.e4 d6
5.Ng1f3 O-O
6.Bf1e2 e5
7.d5 a5
8.O-O Nb8a6
9.Bc1g5 h6
10.Bg5h4 Qd8e8
11.Bh4xf6 Bg7xf6
12.Qd1d2 Kg7
13.Be2d3 Na6c5
14.Bd3e2 Bc8d7
15.Qd2c2 Qe8b8
16.Nf3d2 Qb8a7
17.Nd2b3 a4
18.Nb3d2 Bf6g5
19.Nd2f3 Bg5d8
20.Qc2c1 Qa7b6
21.Rf1d1 f5
22.exf5 Bd7xf5
23.Qc1d2 Bd8f6
24.Ra1c1 e4
25.Nf3d4 Bf6g5
26.Nd4xf5 Rf8xf5
27.Qd2d4 Bg5f6
28.Qd4e3 Qb6xb2
29.g4 Bf6g5
30.Qe3d4 Rf5f6
31.Rc1b1 Qb2c2
32.Kh1 Bg5f4
33.Nc3xe4 Qc2xe4
34.Qd4xe4 Nc5xe4
35.Rb1xb7 Ne4xf2
36.Kg2 Nf2xd1
37.Rb7xc7 Kg8
38.Be2xd1 Ra8f8
39.Bd1e2 Bf4e5
40.Kg1 Be5d4
41.Kh1 Rf8e8
{ resign }
0-1

[Event "Match"]
[Site "www.echecsemail.com"]
[Date "2016.03.27"]
[Round "1"]
[White "Biggles"]
[Black "Snickers"]
[WhiteElo "2050"]
[BlackElo "1809"]
[Result "0-1"]
[Round "1"]
1.e4 e6
2.d4 d5
3.Nb1c3 Ng8f6
4.Bc1g5 Bf8b4
5.e5 h6
6.Bg5d2 Bb4xc3
7.Bd2xc3 Nf6e4
8.Bc3b4 c5
9.dxc5 Nb8c6
10.Bf1b5 O-O
11.Bb5xc6 bxc6
12.Ng1f3 a5
13.Bb4a3 Bc8a6
14.Nf3d2 Qd8g5
15.Nd2f3 Qg5xg2
16.Rh1g1 Qg2xf2

0-1

[Event "Match"]
[Site "www.echecsemail.com"]
[Date "2016.03.27"]
[Round "1"]
[White "Daquata"]
[Black "Coventry"]
[WhiteElo "1630"]
[BlackElo "1790"]
[Result "0-1"]
[Round "1"]
1.e4 c5
2.Ng1f3 Nb8c6
3.d4 cxd4
4.Nf3xd4 g6
5.Nb1c3 Bf8g7
6.Bc1e3 d6
7.Bf1b5 Bc8d7
8.O-O Ng8f6
9.f3 O-O
10.Qd1d2 Nc6xd4
11.Be3xd4 Bd7xb5
12.Nc3xb5 a6
13.Nb5c3 b5
14.Ra1d1 Qd8c8
15.Nc3e2 Qc8c6
16.Bd4c3 Nf6d7
17.Bc3xg7 Kxg7
18.Ne2f4 Qc6c5
19.Kh1 Nd7f6
20.c3 Ra8c8
21.Qd2d4 Qc5xd4
22.Rd1xd4 e5
{ resign }
0-1

[Event "Match"]
[Site "www.echecsemail.com"]
[Date "2016.03.27"]
[Round "1"]
[White "Elogic"]
[Black "Hundegana"]
[WhiteElo "1970"]
[BlackElo "1920"]
[Result "0-1"]
[Round "1"]
1.f4 c5
2.e4 d6
3.c4 g6
4.d4 Bf8g7
5.Bc1e3 Qd8a5
6.Nb1c3 cxd4
7.Be3xd4 Bg7xd4
8.Qd1xd4 f6
9.Bf1d3 Nb8c6
10.Qd4d5 Qa5xd5
11.Nc3xd5 Kd7
12.Ng1f3 e6
13.Nd5e3 b6
14.a3 Ng8e7
15.b4 a6
16.O-O Bc8b7
17.Rf1b1 Kc7
18.g4 h5
19.g5 f5
20.exf5 exf5
21.b5 axb5
22.cxb5 Nc6d8
23.Nf3d4 Ra8c8
24.a4 Kb8
25.a5 bxa5
26.Ra1xa5 Rc8c3
27.Nd4c6 Ne7xc6
28.bxc6 Nd8xc6
29.Bd3a6 Nc6xa5
30.Ne3d5 Rc3c6
31.Ba6xb7 Na5xb7
32.Nd5e7 Rc6c4
33.Ne7xg6 Rh8g8
34.Ng6e7 Rg8f8
35.Rb1f1 Kc7
36.g6 Rc4e4
37.Ne7d5 Kc6
38.Nd5b4 Re4xb4
{ resign }
0-1

[Event "Match"]
[Site "www.echecsemail.com"]
[Date "2016.03.27"]
[Round "1"]
[White "Gambitmiau"]
[Black "Roque1"]
[WhiteElo "1800"]
[BlackElo "1630"]
[Result "0-1"]
[Round "1"]
1.e4 c5
2.Ng1f3 e6
3.e5 d5
4.d4 Nb8c6
5.Bf1b5 Qd8a5
6.Nb1c3 c4
7.Bb5xc6 bxc6
8.Bc1d2 Bf8b4
9.a3 Bb4xc3
10.Bd2xc3 Qa5b6
11.b4 Ng8e7
12.Nf3g5 O-O
13.a4 f6
14.exf6 Rf8xf6
15.O-O Bc8d7
16.Qd1h5 h6
17.Ng5f3 Ra8f8
18.Nf3e5 Bd7e8
19.Qh5g4 Be8g6
20.Ne5d7 Qb6c7
21.Nd7xf8 Kxf8
22.b5 Bg6xc2
23.f4 Ne7g6
24.Ra1e1 Ng6xf4
25.Bc3d2 Bc2f5
26.Bd2xf4 Qc7d7
27.Qg4g3 cxb5
28.Bf4e5 Rf6g6
29.Qg3a3 Kg8
30.axb5 Qd7xb5
31.Be5xg7 Rg6xg7
32.h3 a5
33.Rf1xf5 exf5
34.Re1e5 Qb5b1
35.Kh2 Qb1c2
36.Qa3xa5 Qc2xg2

0-1

[Event "Match"]
[Site "www.echecsemail.com"]
[Date "2016.03.27"]
[Round "1"]
[White "Gandalf"]
[Black "Billyg"]
[WhiteElo "1570"]
[BlackElo "1630"]
[Result "1/2-1/2"]
[Round "1"]
1.e4 e5
2.Bf1c4 Ng8f6
3.d3 d5
4.exd5 e4
5.dxe4 Nf6xe4
6.Qd1e2 Qd8e7
7.Bc4d3 Ne4c5
8.Qe2xe7 Bf8xe7
9.Bd3e2 O-O
10.Bc1e3 Rf8e8
11.Nb1c3 c6
12.O-O-O b6
13.d6 Be7f6
14.Be3d4 Bf6xd4
15.Rd1xd4 Nb8d7
16.Be2f3 Nd7e5
17.h4 b5
18.a3 Bc8f5
19.h5 { draw }
1/2-1/2

[Event "Match"]
[Site "www.echecsemail.com"]
[Date "2016.03.27"]
[Round "1"]
[White "Koumaak"]
[Black "Crush"]
[WhiteElo "1499"]
[BlackElo "1590"]
[Result "1-0"]
[Round "1"]
1.e4 e5
2.Ng1f3 Nb8c6
3.Bf1b5 a6
4.Bb5xc6 bxc6
5.Nf3xe5 Qd8e7
6.Ne5f3 Qe7xe4
7.Kf1 Bc8b7
8.d3 Qe4e6
9.Qd1e1 O-O-O
10.Qe1xe6 dxe6
11.Nf3e5 Ng8h6
12.Bc1xh6 gxh6
13.Ne5xf7 Bf8g7
14.Nf7xd8 Rh8xd8
15.Nb1d2 Bg7xb2
16.Ra1e1 Rd8g8
17.Re1xe6 Bb2c3
18.Nd2e4 Bc3d4
19.f3 Kd7
20.Re6xh6 Rg8g7
21.Ne4g3 c5
22.Ng3f5 Rg7f7
23.Nf5xd4 cxd4
24.Kf2 c5
25.Rh1b1 Bb7d5
26.Rh6h5 Bd5xa2
27.Rb1b7 Ke6
28.Rb7xf7 Kxf7
29.Rh5xh7 Kg6
30.Rh7a7 Ba2b1
31.Ra7xa6 Kf5
32.Ra6c6 Bb1xc2
33.Rc6xc5 Kf4
34.Rc5xc2 Kg5
35.Rc2c4 Kf5
36.g4 Kf4
37.Rc4xd4 Ke5
38.Rd4a4 Kf6
39.h4 Kg6
40.Ra4a6 Kg7
41.g5 Kf7
42.h5 Kg7
43.h6 Kh7
44.f4 Kh8
45.f5 Kh7
46.Ra6a7 Kh8
47.g6 Kg8
48.Ra7a8 
1-0

[Event "Match"]
[Site "www.echecsemail.com"]
[Date "2016.03.27"]
[Round "1"]
[White "Difficult"]
[Black "Guidom"]
[WhiteElo "1890"]
[BlackElo "2050"]
[Result "1/2-1/2"]
[Round "1"]
1.e4 e5
2.d4 exd4
3.Qd1xd4 Qd8f6
4.Ng1f3 Qf6xd4
5.Nf3xd4 Bf8c5
6.Bc1e3 Ng8f6
7.f3 O-O
8.Nb1c3 Bc5b4
9.Be3d2 d6
10.O-O-O Nb8d7
11.Nd4b3 Nd7b6
12.a3 Bb4xc3
13.Bd2xc3 Bc8e6
14.Nb3d4 Rf8e8
15.Nd4xe6 fxe6
16.Bf1d3 e5
17.Rh1e1 a6
18.b3 { draw }
1/2-1/2

[Event "Match"]
[Site "www.echecsemail.com"]
[Date "2016.03.27"]
[Round "1"]
[White "Ranjachess"]
[Black "Rindrandria"]
[WhiteElo "1780"]
[BlackElo "1540"]
[Result "0-1"]
[Round "1"]
1.d4 h6
2.e4 g5
3.Nb1c3 c6
4.Bf1d3 Qd8b6
5.Ng1e2 g4
6.Bc1f4 Ng8f6
7.e5 Nf6h5
8.Bf4e3 e6
9.Ra1b1 Qb6c7
10.a3 Rh8g8
11.g3 b5
12.b4 Bc8b7
13.O-O Nb8a6
14.Qd1d2 Rg8h8
15.Nc3e4 O-O-O
16.Ne4d6 Bf8xd6
17.exd6 Qc7xd6
18.Be3xh6 Qd6d5
19.Qd2e3 Rh8xh6
20.Bd3e4 Qd5c4
21.Qe3xh6 f5
22.Qh6xh5 Qc4xe2
23.Be4d3 Qe2f3
24.Rf1d1 c5
25.Kf1 c4
26.Bd3e2 Qf3h1

0-1

[Event "Match"]
[Site "www.echecsemail.com"]
[Date "2016.03.27"]
[Round "1"]
[White "Difficult"]
[Black "Gimmyg"]
[WhiteElo "1890"]
[BlackElo "2540"]
[Result "0-1"]
[Round "1"]
1.e4 e6
2.d4 d5
3.exd5 exd5
4.Bf1d3 c5
5.Ng1f3 Nb8c6
6.c3 Ng8f6
7.O-O Bf8e7
8.dxc5 Be7xc5
9.Rf1e1 Bc8e6
10.Nf3g5 O-O
11.Ng5xe6 fxe6
12.Bc1e3 Bc5xe3
13.Re1xe3 e5
14.Bd3b5 Qd8b6
15.Bb5xc6 bxc6
16.Qd1e2 Nf6g4
17.Re3f3 e4
{ resign }
0-1

[Event "Match"]
[Site "www.echecsemail.com"]
[Date "2016.03.27"]
[Round "1"]
[White "Mitja"]
[Black "Bojan"]
[WhiteElo "1920"]
[BlackElo "2020"]
[Result "0-1"]
[Round "1"]
1.d4 c6
2.c3 g6
3.h3 Bf8g7
4.e3 d5
5.Ng1f3 Nb8d7
6.Bf1e2 e5
7.dxe5 Nd7xe5
8.Nf3xe5 Bg7xe5
9.Nb1d2 Bc8f5
10.Nd2f3 Be5c7
11.Be2d3 Ng8f6
12.Bd3xf5 gxf5
13.Qd1d4 Rh8g8
14.Rh1g1 Bc7b6
15.Qd4e5 Kd7
16.Qe5xf5 Kc7
17.e4 Qd8e7
18.e5 Nf6e4
19.Bc1e3 Bb6xe3
20.fxe3 Rg8g7
21.O-O-O Ra8g8
22.g4 Ne4f2
23.Rd1f1 Nf2xh3
24.Rg1h1 Nh3g5
25.Nf3xg5 Rg7xg5
26.Qf5xh7 Rg8g7
27.Qh7h2 Rg5xe5
28.Rf1f5 Rg7g5
29.Rh1f1 Kb6
30.Rf5xf7 Qe7e6
31.b4 Rg5xg4
32.Qh2f2 Rg4e4
33.a4 a5
34.bxa5 Kxa5
35.Rf7xb7 Re4xe3
36.Kd1 Qe6g4
37.Kc1 Re3xc3
38.Kb1 Re5e3
39.Qf2d2 Qg4e4
40.Ka1 Re3d3
41.Rb7a7 Kb6
42.Qd2f2 Rd3e3
43.Qf2b2 Rc3b3
44.Qb2g7 Rb3a3
45.Kb2 Qe4b4
46.Kc2 Re3e2
47.Kd1 Qb4d2
{ resign }
0-1

[Event "Match"]
[Site "www.echecsemail.com"]
[Date "2016.03.27"]
[Round "1"]
[White "Bojan"]
[Black "Ssharp"]
[WhiteElo "2070"]
[BlackElo "2250"]
[Result "0-1"]
[Round "1"]
1.e4 e5
2.Ng1f3 d6
3.d4 Ng8f6
4.dxe5 Nf6xe4
5.Bf1d3 Ne4c5
6.exd6 Nc5xd3
7.Qd1xd3 Bf8xd6
8.a3 Bc8e6
9.Nb1c3 Nb8d7
10.Nc3e4 Bd6e7
11.Nf3d4 Be6d5
12.Bc1e3 Nd7e5
13.Qd3b5 c6
14.Qb5xb7 Bd5xe4
15.O-O-O Qd8b8
16.Qb7a6 Qb8b6
17.Qa6a4 O-O
18.Nd4e6 Qb6b5
19.Qa4xb5 cxb5
20.Ne6xf8 Kxf8
21.f3 Be4g6
22.Rh1e1 Ne5c4
23.Be3d4 f6
24.Bd4c3 a5
25.Rd1d4 Ra8c8
26.Rd4d7 Be7c5
27.Re1e2 b4
28.axb4 axb4
29.Bc3d4 Bc5xd4
30.Rd7xd4 b3
31.c3 Nc4e5
32.Kd2 Ne5c4
33.Ke1 Bg6c2
34.Re2e6 Nc4xb2
35.Re6a6 Rc8xc3
36.Rd4d7 Rc3c8
{ resign }
0-1

[Event "Match"]
[Site "www.echecsemail.com"]
[Date "2016.03.27"]
[Round "1"]
[White "1xdia"]
[Black "Daquata"]
[WhiteElo "1499"]
[BlackElo "1660"]
[Result "1-0"]
[Round "1"]
1.e4 e5
2.Ng1f3 Nb8c6
3.d4 exd4
4.Nf3xd4 Bf8c5
5.Bc1e3 Qd8f6
6.c3 Bc5b6
7.Nd4f5 d6
8.Be3xb6 axb6
9.Nf5g3 Ng8e7
10.Bf1d3 O-O
11.O-O Ne7g6
12.Nb1d2 Nc6e5
13.Bd3c2 Bc8d7
14.a3 Bd7b5
15.Rf1e1 Rf8e8
16.Ng3f5 Ng6e7
17.Nd2f3 Ne7g6
18.Nf5e3 Bb5c6
19.Ne3d5 Bc6xd5
20.exd5 Ne5xf3
21.Qd1xf3 Qf6xf3
22.gxf3 Ng6e5
23.Kg2 Ra8a5
24.f4 Ra5xd5
25.fxe5 { resign }
1-0

[Event "1/128 Finale"]
[Site "www.chess-mail.com"]
[Date "2016.03.27"]
[Round "1"]
[White "Mitja"]
[Black "Matchbox"]
[WhiteElo "1870"]
[BlackElo "1690"]
[Result "1-0"]
[Round "1"]
1.d4 b6
2.e3 Bc8b7
3.Ng1f3 g6
4.c3 Bf8g7
5.Nb1d2 d6
6.Nd2b3 Ng8f6
7.Bf1e2 O-O
8.h3 Nb8d7
9.Nb3d2 e5
10.dxe5 Nd7xe5
11.O-O Rf8e8
12.Nf3xe5 dxe5
13.Qd1c2 c5
14.Be2b5 Re8e7
15.Rf1d1 Qd8c7
16.b3 a6
17.Bb5e2 Ra8d8
18.Bc1b2 Re7d7
19.Nd2f1 Rd7xd1
20.Ra1xd1 Rd8xd1
21.Qc2xd1 Qc7d7
22.Qd1c1 h5
23.Nf1h2 b5
24.c4 b4
25.Bb2xe5 Nf6e4
26.Be5xg7 Kxg7
27.Be2f3 Ne4c3
28.Qc1c2 Bb7xf3
29.Nh2xf3 Qd7d6
30.Qc2d2 Qd6xd2
31.Nf3xd2 Nc3xa2
32.Nd2e4 Na2c1
33.Ne4xc5 Kf6
34.Nc5xa6 Nc1xb3
35.Na6xb4 { resign }
1-0

[Event "1/64 Finale"]
[Site "www.chess-mail.com"]
[Date "2016.03.27"]
[Round "1"]
[White "Llord"]
[Black "Difficult"]
[WhiteElo "1790"]
[BlackElo "1890"]
[Result "1/2-1/2"]
[Round "1"]
1.e4 e5
2.Ng1f3 Ng8f6
3.Nb1c3 Nb8c6
4.Bf1c4 Bf8e7
5.O-O d6
6.Nc3d5 O-O
7.Nd5xe7 Nc6xe7
8.Nf3g5 Ne7g6
9.d3 Qd8e7
10.Bc1e3 Bc8e6
11.Ng5xe6 fxe6
12.d4 exd4
13.Be3xd4 Kh8
14.e5 dxe5
15.Bd4e3 Rf8d8
16.Qd1e2 Nf6d5
17.Be3d2 Rd8f8
18.Bc4xd5 exd5
19.c4 c6
20.cxd5 cxd5
21.a3 Qe7d7
22.Ra1d1 d4
23.Bd2b4 Rf8e8
24.Rf1e1 Ra8c8
25.g3 Qd7f5
26.Rd1d3 b6
27.Rd3f3 Qf5d7
28.h4 a5
{ draw }
1/2-1/2

[Event "1/128 Finale"]
[Site "www.chess-mail.com"]
[Date "2016.03.27"]
[Round "1"]
[White "Knightjumper"]
[Black "Tonino1"]
[WhiteElo "1690"]
[BlackElo "2200"]
[Result "0-1"]
[Round "1"]
1.d4 Ng8f6
2.c4 g6
3.Nb1c3 Bf8g7
4.e4 d6
5.Ng1f3 Nb8d7
6.Bf1e2 O-O
7.O-O e5
8.d5 a5
9.h3 Nd7c5
10.Qd1c2 h6
11.Bc1e3 Nf6e8
12.Qc2d2 Kh7
13.Be3xc5 dxc5
14.Rf1d1 Ne8d6
15.Ra1c1 f5
16.Be2d3 f4
17.a3 g5
18.Qd2e2 h5
19.Nf3d2 g4
20.hxg4 hxg4
21.Rd1f1 Qd8g5
{ resign }
0-1

[Event "Fast Game"]
[Site "www.echecsemail.com"]
[Date "2016.03.27"]
[Round "1"]
[White "Ranjachess"]
[Black "Milkyway"]
[WhiteElo "1670"]
[BlackElo "1599"]
[Result "1-0"]
[Round "1"]
1.d4 g6
2.Nb1c3 Bf8g7
3.e4 d6
4.h3 Ng8f6
5.Bc1f4 c6
6.Bf1d3 O-O
7.Ng1e2 Qd8c7
8.e5 Nf6d5
9.Qd1d2 Nd5xf4
10.Ne2xf4 dxe5
11.dxe5 Qc7xe5
12.Nf4e2 Qe5c7
13.O-O e5
14.f4 exf4
15.Qd2xf4 Qc7xf4
16.Rf1xf4 Nb8d7
17.b4 Nd7e5
18.Ra1e1 Ne5xd3
19.cxd3 Rf8e8
20.d4 Bc8f5
21.h4 Ra8d8
22.Re1d1 Bg7h6
23.Rf4f1 Bf5g4
24.Rf1e1 Bg4xe2
25.Re1xe2 Re8xe2
26.Nc3xe2 Kf8
27.g4 f6
28.Kg2 Kf7
29.Ne2c3 Bh6g7
30.Nc3e4 Rd8e8
31.Ne4d6 Kf8
32.Nd6xe8 Kxe8
33.a4 Kd7
34.d5 cxd5
35.Rd1xd5 Kc6
36.Rd5d1 Bg7f8
37.b5 Kc5
38.Rd1d7 { resign }
1-0

[Event "Tourn. n8637"]
[Site "www.chess-mail.com"]
[Date "2016.03.28"]
[Round "1"]
[White "Gatrooper"]
[Black "Sorren"]
[WhiteElo "1670"]
[BlackElo "1790"]
[Result "0-1"]
[Round "1"]
1.e4 c5
2.c4 Nb8c6
3.Ng1f3 e5
4.a3 Ng8f6
5.Nb1c3 d6
6.h3 Bf8e7
7.d3 Bc8e6
8.Bc1g5 O-O
9.Bg5xf6 Be7xf6
10.Nc3b5 a6
11.Nb5c3 Bf6e7
12.Bf1e2 Qd8b6
13.h4 Qb6xb2
14.O-O Qb2xc3
15.Qd1b1 Ra8b8
16.Rf1c1 Qc3a5
17.a4 Nc6b4
18.g3 Be6g4
19.Rc1e1 Be7f6
20.Nf3h2 Bg4xe2
21.Re1xe2 Nb4c6
22.Nh2g4 Bf6e7
23.f4 Nc6d4
24.Re2h2 Nd4f3
25.Kg2 Nf3xh2
26.Kxh2 Qa5d2
27.Kh3 exf4
28.gxf4 Qd2xf4
29.Qb1g1 h5
30.Ra1f1 Qf4xg4
31.Qg1xg4 hxg4
32.Kxg4 g6
33.h5 Kg7
34.Rf1h1 Rf8h8
35.h6 Rh8xh6
36.Rh1f1 Rb8h8
37.Kf3 Rh6h1
38.Rf1f2 Rh8h2
39.Rf2xh2 Rh1xh2
40.Ke3 Rh2a2
41.Kf4 Ra2xa4
42.Ke3 Ra4b4
43.Kf4 a5
44.Ke3 a4
45.Kf4 a3
46.e5 a2
47.Ke3 a1Q
{ resign }
0-1

[Event "Tourn. n8622"]
[Site "www.chess-mail.com"]
[Date "2016.03.28"]
[Round "1"]
[White "Paul30"]
[Black "Bjonil60"]
[WhiteElo "1689"]
[BlackElo "1340"]
[Result "1-0"]
[Round "1"]
1.e4 e5
2.Ng1f3 Qd8e7
3.Bf1c4 h6
4.Nb1c3 Nb8c6
5.O-O a6
6.d4 d6
7.d5 Nc6a7
8.Rf1e1 f6
9.h3 b6
10.a4 a5
11.Bc1e3 g6
12.Nf3h4 g5
13.Nh4g6 Qe7g7
14.Ng6xh8 Qg7xh8
15.Qd1d3 Ng8e7
16.Re1b1 Bc8d7
17.b4 axb4
18.Rb1xb4 c6
19.Rb4xb6 Na7c8
20.Rb6b7 Kd8
21.Ra1b1 Bf8g7
22.Rb7b8 Ra8xb8
23.Rb1xb8 Ke8
24.a5 Qh8h7
25.dxc6 Bd7xc6
26.Nc3d5 Bc6xd5
27.Bc4xd5 Kd8
28.Be3b6 Ke8
29.a6 Kd7
30.Qd3b5 Ne7c6
31.Qb5xc6 Ke7
32.Qc6c7 Kf8
33.Rb8xc8 
1-0

[Event "Tourn. n8661"]
[Site "www.chess-mail.com"]
[Date "2016.03.28"]
[Round "1"]
[White "Julian"]
[Black "Faerieking"]
[WhiteElo "2090"]
[BlackElo "2130"]
[Result "0-1"]
[Round "1"]
1.e4 c5
2.Ng1f3 d6
3.c3 a6
4.d4 cxd4
5.cxd4 Ng8f6
6.Bf1d3 e6
7.Nb1c3 Bf8e7
8.O-O O-O
9.Rf1e1 b5
10.e5 Nf6d7
11.Nc3e4 dxe5
12.dxe5 f6
13.Ne4d6 fxe5
14.Nd6xc8 Qd8xc8
15.Nf3xe5 Nd7xe5
16.Re1xe5 Nb8c6
17.Bd3xh7 Kxh7
18.Re5h5 Kg8
19.Qd1d3 Rf8f5
20.Rh5xf5 exf5
21.Bc1f4 Qc8e6
22.Ra1c1 Ra8d8
23.Qd3g3 Be7d6
24.Bf4xd6 Qe6xd6
25.Qg3f3 Qd6d2
26.Rc1f1 Nc6d4
27.Qf3h5 Nd4e2
28.Kh1 Qd2xb2
29.Qh5xf5 Qb2xa2
30.f3 Rd8f8
31.Qf5d7 Ne2f4
32.Rf1g1 b4
33.Qd7d6 a5
34.g3 Nf4e2
35.Rg1f1 Ne2c3
{ resign }
0-1

[Event "Tourn. n8672"]
[Site "www.chess-mail.com"]
[Date "2016.03.28"]
[Round "1"]
[White "Olddog55"]
[Black "Matchbox"]
[WhiteElo "1600"]
[BlackElo "1690"]
[Result "1-0"]
[Round "1"]
1.d4 d5
2.Ng1f3 Ng8f6
3.e3 e6
4.Bf1d3 c5
5.b3 Nb8c6
6.Nb1d2 Bc8d7
7.Bc1b2 cxd4
8.exd4 Bf8d6
9.Nf3e5 O-O
10.f4 Nc6b4
11.Bd3e2 Ra8c8
12.c3 Nb4c6
13.O-O Qd8e7
14.Be2d3 a6
15.Rf1f3 b5
16.Rf3h3 h6
17.g4 Nf6e8
18.Nd2f3 Bd6xe5
19.fxe5 Ne8c7
20.g5 hxg5
21.Bd3h7 Kh8
22.Qd1d3 g6
23.Bh7xg6 Kg7
24.Bg6h7 Rf8h8
25.Rh3h5 b4
26.Nf3xg5 Kf8
27.Ra1f1 { resign }
1-0

[Event "Tourn. n8616"]
[Site "www.chess-mail.com"]
[Date "2016.03.28"]
[Round "1"]
[White "Gatrooper"]
[Black "Passaroa25"]
[WhiteElo "1640"]
[BlackElo "1550"]
[Result "1-0"]
[Round "1"]
1.e4 c6
2.d4 e6
3.e5 d5
4.a3 Ng8e7
5.Nb1c3 Ne7g6
6.Ng1f3 h6
7.h3 Nb8d7
8.Bf1d3 Bf8e7
9.Bd3xg6 fxg6
10.Qd1d3 Nd7f8
11.Bc1f4 g5
12.Bf4h2 Qd8b6
13.O-O Qb6xb2
14.Rf1b1 Qb2xa1
15.Rb1xa1 Bc8d7
16.Ra1b1 Bd7c8
17.g4 Be7xa3
18.Bh2g3 Ba3e7
19.h4 b5
20.hxg5 Be7xg5
21.Nf3xg5 hxg5
22.f4 gxf4
23.Bg3h2 g5
24.Nc3e2 Bc8d7
25.Qd3a3 Nf8g6
26.Rb1f1 Ng6e7
27.c3 O-O
28.Qa3xe7 Rf8f7
29.Qe7xg5 Rf7g7
30.Qg5h4 f3
31.Rf1xf3 Ra8f8
32.Rf3h3 Kf7
33.Qh4f6 Kg8
34.Qf6h6 a5
35.Qh6h8 Kf7
36.Qh8h5 Ke7
37.g5 Bd7e8
38.Qh5g4 Be8g6
39.Ne2f4 Bg6f5
40.Qg4h5 Bf5xh3
41.Qh5xh3 Rg7xg5
42.Bh2g3 Rf8g8
43.Qh3xe6 Kd8
44.Qe6d6 Ke8
45.Qd6b8 Kf7
46.e6 Ke7
47.Qb8c7 Kf6
48.Qc7f7 
1-0

[Event "Tourn. n8692"]
[Site "www.chess-mail.com"]
[Date "2016.03.28"]
[Round "1"]
[White "Elogic"]
[Black "Hundegana"]
[WhiteElo "1820"]
[BlackElo "1910"]
[Result "0-1"]
[Round "1"]
1.b3 c5
2.e4 d6
3.Bc1b2 a6
4.Bf1c4 e6
5.d4 b5
6.Bc4d3 Bf8e7
7.d5 exd5
8.exd5 Ng8f6
9.c4 Qd8b6
10.cxb5 axb5
11.Ng1f3 Nb8d7
12.Bd3e2 Bc8b7
13.Bb2xf6 Be7xf6
14.Nb1d2 Bf6xa1
15.Qd1xa1 f6
16.O-O Bb7xd5
17.Nf3h4 O-O
18.Be2f3 Bd5xf3
19.Nd2xf3 Nd7e5
20.Nf3d2 d5
21.Qa1b1 Qb6a5
22.Nd2f3 Qa5xa2
{ resign }
0-1

[Event "Tourn. n8603"]
[Site "www.chess-mail.com"]
[Date "2016.03.28"]
[Round "1"]
[White "Julian"]
[Black "Emiondi"]
[WhiteElo "2020"]
[BlackElo "2210"]
[Result "1/2-1/2"]
[Round "1"]
1.e4 e5
2.Ng1f3 Nb8c6
3.Bf1b5 a6
4.Bb5a4 Ng8f6
5.O-O Bf8e7
6.d4 exd4
7.Rf1e1 b5
8.Ba4b3 d6
9.c3 dxc3
10.Nb1xc3 O-O
11.Bc1g5 Bc8b7
12.Qd1e2 Nc6a5
13.Bb3c2 Nf6d7
14.Bg5xe7 Qd8xe7
15.Qe2d2 Na5c4
16.Qd2c1 Nd7e5
17.Nf3xe5 dxe5
18.Nc3d5 Bb7xd5
19.exd5 Ra8d8
20.Qc1d1 g6
21.b3 Nc4d6
22.Qd1g4 f5
23.Qg4g3 Nd6e4
24.Bc2xe4 fxe4
25.Re1xe4 Rd8xd5
26.Ra1e1 Rf8e8
27.h4 Qe7c5
28.h5 Re8e6
29.h6 Rd5d4
30.Qg3g4 Re6e7
31.Re4xd4 exd4
32.Re1xe7 Qc5xe7
33.Qg4xd4 c5
34.Qd4d5 Kf8
35.Qd5a8 Kf7
36.Qa8d5 Kf8
37.Qd5a8 Kf7
38.Qa8d5 Kf8
{ draw }
1/2-1/2

[Event "Tourn. n8697"]
[Site "www.chess-mail.com"]
[Date "2016.03.28"]
[Round "1"]
[White "Umutkrc"]
[Black "Bluetealeaf"]
[WhiteElo "1699"]
[BlackElo "1740"]
[Result "1-0"]
[Round "1"]
1.e3 e5
2.Ng1f3 f6
3.a3 Nb8c6
4.Nf3h4 d6
5.Qd1h5 g6
6.Nh4xg6 Bf8g7
7.Ng6xe5 { resign }
1-0

[Event "Tourn. n8648"]
[Site "www.chess-mail.com"]
[Date "2016.03.28"]
[Round "1"]
[White "Caspito"]
[Black "Woody"]
[WhiteElo "1690"]
[BlackElo "1810"]
[Result "0-1"]
[Round "1"]
1.e4 c5
2.b3 Nb8c6
3.Bc1b2 d6
4.Bf1b5 Bc8d7
5.Nb1c3 Ng8f6
6.Qd1f3 e5
7.O-O-O Bd7g4
8.Qf3g3 Bg4xd1
9.Nc3xd1 Nf6xe4
10.Qg3f3 d5
11.Ng1h3 Bf8e7
12.Bb5xc6 bxc6
13.Bb2xe5 O-O
14.Nh3f4 Be7f6
15.Qf3h5 Bf6xe5
16.Qh5xe5 Qd8a5
17.Nf4h5 f6
18.Qe5e6 Kh8
19.Nd1c3 c4
20.Nc3xe4 dxe4
21.Qe6xc4 Qa5xa2
22.Qc4c3 a5
23.Rh1e1 Rf8e8
24.f3 exf3
{ resign }
0-1